| 000 | 00420nam a2200121Ia 4500 | ||
|---|---|---|---|
| 008 | 220620s9999||||xx |||||||||||||| ||und|| | ||
| 100 | _aBreitholtz, Ellen | ||
| 245 | 0 |
_aEnthymemes and Topoi in Dialogue _bThe Use of Common Sense Reasoning in Conversation |
|
| 546 | _aEnglish[eng] | ||
| 650 | _aSemantics & pragmatics | ||
| 856 | _uhttps://library.oapen.org/bitstream/20.500.12657/48310/1/9789004436794.pdf | ||
| 942 | _cEB | ||
| 999 |
_c35165 _d35165 |
||